Động vật di cư

Nghiên cứu các kiểu di cư khác nhau của động vật và những thích nghi lý sinh, hoá sinh khác nhau của động vật với các phương tiện chúng có để kiếm ăn, các yếu tố hoạt động liên quan với các phản xạ có điều kiện

Đã lưu trong:
Chi tiết về thư mục
Tác giả chính: Akimuskin, Igor
Tác giả khác: Nguyễn Ngọc Hải (Dịch)
Định dạng: Sách
Ngôn ngữ:Vietnamese
Được phát hành: H. Khoa học và kỹ thuật 1979
Những chủ đề:
Các nhãn: Thêm thẻ
Không có thẻ, Là người đầu tiên thẻ bản ghi này!
Thư viện lưu trữ: Mạng thư viện Đại học Đà Nẵng
LEADER 01113nam a22003258a 4500
001 000013485
003 9827
005 20120316080347.0
008 120316s1979 b 000 0 od
020 |c 1,25đ  |d 12000b 
041 0 |a dịch nga 
041 0 |a vie 
084 |a E68 
100 1 |a Akimuskin, Igor 
245 1 0 |a Động vật di cư  |c Igor Akimuskin ; Nguyễn Ngọc Hải dịch 
260 |a H.  |b Khoa học và kỹ thuật  |c 1979 
300 |a 217tr  |c 24cm 
520 |a Nghiên cứu các kiểu di cư khác nhau của động vật và những thích nghi lý sinh, hoá sinh khác nhau của động vật với các phương tiện chúng có để kiếm ăn, các yếu tố hoạt động liên quan với các phản xạ có điều kiện 
653 |a Động vật học 
653 |a di cư 
653 |a động vật 
700 1 |a Nguyễn Ngọc Hải  |e Dịch 
OWN |a LSP 
999 |a From the UDN01 
TYP |a Monograph 
TYP |a Printed language 
980 |a Mạng thư viện Đại học Đà Nẵng